<?xml version="1.0" encoding="UTF-8"?>
<record
    xmlns:xsi="http://www.w3.org/2001/XMLSchema-instance"
    xsi:schemaLocation="http://www.loc.gov/MARC21/slim http://www.loc.gov/standards/marcxml/schema/MARC21slim.xsd"
    xmlns="http://www.loc.gov/MARC21/slim">

  <leader>00597nam a22001937a 4500</leader>
  <datafield tag="999" ind1=" " ind2=" ">
    <subfield code="c">191575</subfield>
    <subfield code="d">191575</subfield>
  </datafield>
  <controlfield tag="005">20220830110747.0</controlfield>
  <datafield tag="010" ind1=" " ind2=" ">
    <subfield code="a">ENG-134777</subfield>
  </datafield>
  <datafield tag="020" ind1=" " ind2=" ">
    <subfield code="a">9788186921567</subfield>
    <subfield code="c">900.00</subfield>
  </datafield>
  <datafield tag="035" ind1=" " ind2=" ">
    <subfield code="a">EN-118309</subfield>
  </datafield>
  <datafield tag="037" ind1=" " ind2=" ">
    <subfield code="b">DBAD/PUB</subfield>
  </datafield>
  <datafield tag="082" ind1=" " ind2=" ">
    <subfield code="a">370</subfield>
  </datafield>
  <datafield tag="245" ind1=" " ind2=" ">
    <subfield code="a">Education:</subfield>
    <subfield code="b">Philosophy and Practice/</subfield>
    <subfield code="c">Edited by Indrani Sanyal and Anirban Ganguly</subfield>
  </datafield>
  <datafield tag="260" ind1=" " ind2=" ">
    <subfield code="a">New Delhi</subfield>
    <subfield code="b">Decent Books</subfield>
    <subfield code="c">2021</subfield>
  </datafield>
  <datafield tag="270" ind1=" " ind2=" ">
    <subfield code="a">D-36/A-1, Mohan Garden, Najafgarh Road</subfield>
    <subfield code="b">New Delhi</subfield>
    <subfield code="e">110058</subfield>
  </datafield>
  <datafield tag="300" ind1=" " ind2=" ">
    <subfield code="a">x, 347p.</subfield>
    <subfield code="c">22cm(hbk)</subfield>
  </datafield>
  <datafield tag="700" ind1=" " ind2=" ">
    <subfield code="a">Sanyal, Indrani</subfield>
  </datafield>
  <datafield tag="700" ind1=" " ind2=" ">
    <subfield code="a">Ganguly, Anirban</subfield>
  </datafield>
  <datafield tag="942" ind1=" " ind2=" ">
    <subfield code="2">ddc</subfield>
    <subfield code="c">EN</subfield>
    <subfield code="h">370</subfield>
    <subfield code="m">EDU</subfield>
  </datafield>
  <datafield tag="952" ind1=" " ind2=" ">
    <subfield code="0">0</subfield>
    <subfield code="1">0</subfield>
    <subfield code="4">0</subfield>
    <subfield code="7">0</subfield>
    <subfield code="8">NFIC</subfield>
    <subfield code="a">BL4</subfield>
    <subfield code="b">BL4</subfield>
    <subfield code="d">2022-08-30</subfield>
    <subfield code="e">DBAD/PUB</subfield>
    <subfield code="g">900.00</subfield>
    <subfield code="l">0</subfield>
    <subfield code="o">370 EDU</subfield>
    <subfield code="p">EN-118309</subfield>
    <subfield code="r">2022-08-30 00:00:00</subfield>
    <subfield code="t">1</subfield>
    <subfield code="v">900.00</subfield>
    <subfield code="y">EN</subfield>
  </datafield>
</record>
